000 00432nam a22001577a 4500
005 20250213172124.0
008 250213b |||||||| |||| 00| 0 eng d
020 _a9780801020674
050 _aBS 476 VIR
_b1
100 _aVIRKLER, A.Henry
245 _aHermeneutics:
_bprinciples and processes of biblical interpretaions
260 _aMichigan
_bBakerBooks
_c1981c
300 _a263p
500 _aappendix,Bib
942 _2lcc
_cBK
_n0
999 _c3844
_d3844